00644pam a2200145 a 4500020002400000082002000024100003000044245016900074260009200243300003300335526003700368650000800405650004700413710003800460 a030903101X (pbk.) :00a666.893bNATcD aNational Research Council10aProceedings of the National Seminar on Asphalt Pavement Recycling /cTransportation Research Board, Commission on Sociotechnical Systems, National Research Council. aWashington, D.C. :bTransportation Research Board, National Academy of Sciences,c1980. avi, 141 p. :bill. ;c28 cm. a0b0c0d666_893000000000000_NAT 0aMCE 0aPavements, AsphaltxRecyclingxCongresses.2 aNational Research Council (U.S.).